Estadísticas para Regiones de Chile

Haz click aquí para intentar la prueba.

Estadísticas generales

  • Esta prueba ha sido intentada 97 veces
  • La puntuación promedio es 13 de 16

Estadísticas de respuestas

NúmeroRegión% Correcto
XIIIMetropolitana
99%
XVArica y Parinacota
91%
VValparaíso
88%
IIAntofagasta
85%
XLos Lagos
84%
XIIMagallanes y la Antartica Chilena
84%
IIIAtacama
82%
XIVLos Ríos
82%
IVCoquimbo
81%
IXAraucanía
79%
VILibertador General Bernardo O'Higgins
76%
XIAysen del General Carlos Ibañez del Campo
75%
VIIIBiobío
75%
ITarapacá
72%
VIIMaule
70%
XVIÑuble
70%

Distribución de puntuación

Porcentaje por número respondido

Porcentaje de gente con cada puntuación

Historial de tus puntuaciones

No has intentado esta prueba.